Statistics for 100 biggest cities in Argentina with a map

Click here to take the quiz!

General Stats

  • This quiz has been taken 16 times
  • The average score is 40 of 100

Answers on the Map

Answers color-coded by a green-red scale on the quiz's map according to % correct below.
 

Answer Stats

AnswerPoblación Total% Correct
Gran Buenos Aires13,588,222
100%
Gran Córdoba1,454,645
100%
Gran Rosario1,236,089
94%
Gran La Plata787,294
88%
Mar del Plata541,733
88%
Gran Mendoza937,154
81%
Gran Salta539,187
81%
Gran San Juan461,213
81%
Gran San Miguel de Tucumán794,327
75%
Gran San Salvador de Jujuy310,106
75%
Gran Bahía Blanca291,327
69%
Gran Corrientes346,334
63%
Gran Posadas319,469
63%
Gran Resistencia385,726
63%
Gran San Luis182,414
63%
Gran Santa Fe490,171
63%
Santiago del Estero/La Banda358,633
63%
Ushuaia56,593
63%
Formosa222,226
56%
Gran Catamarca195,055
56%
Gran Santa Rosa114,486
56%
La Rioja178,872
56%
Neuquén/Plottier/Cipoletti341,301
56%
Río Gallegos95,796
56%
San Carlos de Bariloche109,305
56%
Comodoro Rivadavia175,196
50%
Gran Paraná264,076
50%
Gualeguay40,507
50%
Río Grande66,475
50%
Viedma73,322
50%
Azul55,728
44%
Concordia149,450
44%
Gran Río Cuarto163,048
44%
Junín87,509
44%
Puerto Iguazú41,062
44%
Puerto Madryn81,315
44%
Río Segundo/Pilar34,423
44%
Río Tercero46,421
44%
San Nicolás de los Arroyos145,857
44%
San Pedro de Buenos Aires47,452
44%
San Pedro de Jujuy59,131
44%
Tandil116,916
44%
Concepción del Uruguay72,528
38%
Concepción de Tucumán50,375
38%
Cosquín/Santa María de Punilla37,273
38%
Gualeguaychú82,644
38%
Mercedes33,551 | 56,116
38%
Necochea/Quequén84,784
38%
Rafaela92,945
38%
San Rafael118,018
38%
Trelew97,915
38%
Villa Carlos Paz69,840
38%
Villa María/Villa Nueva98,169
38%
Zárate98,522
38%
Eldorado57,323
31%
General Pico56,795
31%
Luján97,363
31%
Olavarría89,721
31%
Pergamino91,399
31%
Reconquista/Avellaneda93,890
31%
San Ramón de la Nueva Orán76,070
31%
Tres Arroyos46,867
31%
Venado Tuerto76,432
31%
Alta Gracia48,140
25%
Bragado33,222
25%
Campana86,860
25%
Casilda35,058
25%
Chascomús33,607
25%
Chilecito33,724
25%
Clorinda52,837
25%
General Roca81,534
25%
Goya77,349
25%
Oberá63,960
25%
Paso de los Libres43,251
25%
San Francisco74,060
25%
Tafí Viejo39,601
25%
Trenque Lauquen33,442
25%
Balcarce38,376
19%
Caleta Olivia51,733
19%
Chacabuco38,418
19%
Chivilcoy58,152
19%
La Falda35,821
19%
Presidencia Roque Sáenz Peña89,882
19%
Punta Alta58,315
19%
San Martín/La Colonia88,879
19%
Villa Constitución47,903
19%
Villa Mercedes111,391
19%
Bell Ville34,439
13%
Curuzú Cuatiá34,470
13%
Cutral Có/Plaza Huincul48,637
13%
Esperanza42,082
13%
Jesús María/Colonia Caroya47,770
13%
Nueve de Julio36,494
13%
Perico44,750
13%
Villa Dolores/Villa Sarmiento47,793
13%
Centenario32,928
6%
Libertador General San Martín46,642
6%
Tartagal63,196
6%
Villa Ángela41,403
6%

Score Distribution

Percentile by Number Answered

Percent of People with Each Score

Your Score History

You have not taken this quiz